00535nam a2200145Ia 4500008004100000020002200041082001800063100003200081245005600113260005100169300001300220942000700233999001900240952013000259191014s9999 xx 000 0 und d a978-0-07-070217-2 a621.3813bCRA aFrank S Crawford Jr.923734 0aBerkeley Physics Courcse Waves (In SI Units)(Vol 3) aIndiabMcGraw hill Education Private Ltdc2011 aXvii,626 cBK c531357d531357 00104070aSNSbSNSd2019-10-15eWorld Book Co.g2432.04l1o621.3813CRApSNS0003134r2024-12-19s2024-12-05w2019-10-15yBK